Jak se pracovalo a řídilo u Bati.
Zásady organizácie práce v Baťových závodoch. Vzťahy so zamestnancami, spôsob účtovania, minimalizácia administratívy, spôsob predaja, kontrola plnenia úloh, prijímanie nových pracovníkov, sociálna politika.
Gespeichert in:
| Format: | Buchkapitel |
|---|---|
| Sprache: | Tschechisch |
| Schlagworte: | |
| Tags: |
Keine Tags, Fügen Sie das erste Tag hinzu!
|
MARC
| LEADER | 00000naa a2200000 4500 | ||
|---|---|---|---|
| 001 | r006372 | ||
| 005 | 20221125081147.3 | ||
| 041 | 0 | |a cze | |
| 044 | |a [CS] | ||
| 245 | 1 | 0 | |a Jak se pracovalo a řídilo u Bati. |
| 520 | |a Zásady organizácie práce v Baťových závodoch. Vzťahy so zamestnancami, spôsob účtovania, minimalizácia administratívy, spôsob predaja, kontrola plnenia úloh, prijímanie nových pracovníkov, sociálna politika. | ||
| 610 | 2 | 0 | |a organizácia práce |
| 610 | 2 | 0 | |a politika sociálna |
| 610 | 2 | 0 | |a vzťahy pracovné |
| 610 | 2 | 0 | |a zamestnanci |
| 610 | 2 | 0 | |a vzťahy zúčtovacie |
| 610 | 2 | 0 | |a Baťa, T. |